| 000 | 00869nam a22002537a 4500 | ||
|---|---|---|---|
| 005 | 20110511113420.0 | ||
| 008 | 110511t xxu||||| |||| 00| 0 eng d | ||
| 010 | _aENG-102433 | ||
| 020 |
_a9788120342460 _c325.00 |
||
| 035 | _aEN-85966 | ||
| 037 | _bDBAD/PUB | ||
| 040 |
_aDPL _bEng |
||
| 082 | _a629.83 | ||
| 100 |
_aPatranabis, D. _927875 |
||
| 245 |
_aInstrumentation and control / _cby D.Patranabis |
||
| 260 |
_aNew Delhi _bPHI Learining _c2011 |
||
| 270 |
_aM-97,Connaught Circus _bNew Delhi _e110001 |
||
| 300 |
_axiii, 377 p. : _c23cm (pbk) _bill |
||
| 500 | _aIncludes bibliographical references and index | ||
| 650 | _927887 | ||
| 700 | _927963 | ||
| 942 |
_2ddc _cEN _h629.83 _mPAT |
||
| 999 |
_c52348 _d52348 |
||